Boxing Figthers - Statistics

General Stats
  • This quiz has been taken 63 times
  • The average score is 6 of 24
Answer Stats
Picture Answer % Correct
Gervonta Davis
72%
Canelo Alvarez
65%
Devin Haney
58%
Roberto Duran
58%
Gennady Golovkin
49%
Rocky Marciano
49%
Mike Tyson
42%
Evander Holyfield
40%
Daniel Dubois
26%
Mario Barrios
26%
Mohamed Ali
23%
Vasily Lomachenko
16%
Andy Ruiz Jr
14%
Antony Joshua
12%
Jack Dempsey
9%
David Benavidez
7%
Artur Beterbiev
5%
Dmitry Bivol
5%
Floyd Maywether Jr
2%
Georges Foreman
2%
Many Pacquiao
0%
Noaya Inoue
0%
Olesandr Usyk
0%
Rayan Garcia
0%
No matching quizzes found
Score Distribution
Percent of People with Each Score
Percentile by Number Answered
Your Score History
You have not taken this quiz